Półwyspy Europy na mapie - Statystyki

Ogólne statystyki
  • Ten quiz został rozwiązany 498 razy
  • Średni wynik to 4 z 11
Odpowiedzi na mapie
Odpowiedzi zakodowano w zielono-czerwonej skali na mapie do tego quizu, zgodnie z poniższymi procentami.
 
Statystyki odpowiedzi
Odpowiedź % Poprawnych
Jutlandzki
73%
Krymski
69%
Kolski
64%
Bretoński
62%
Peloponez
36%
Kornwalijski
23%
istria
16%
Kalabryjski
8%
Kurlandzki
8%
Salentyński
4%
Contentin
3%
Nie znaleziono quizów pasujących do podanych kryteriów
Rozkład punktacji
Procent ludzi z każdym wynikiem
Percentyl według liczby udzielonych odpowiedzi
Twoja historia wyników
Nie rozwiązałeś tego quizu